| 000 | 00402nam a22001697a 4500 | ||
|---|---|---|---|
| 005 | 20180205144312.0 | ||
| 008 | 160426b xxu||||| |||| 00| 0 eng d | ||
| 020 | _a978-0-07-463162-1 | ||
| 041 | _aeng | ||
| 082 |
_b00170 _a004.678 |
||
| 100 |
_ahahn, Harley _94082 |
||
| 245 | _aThe Internet: Complete Reference | ||
| 250 | _a2nd ed. | ||
| 260 |
_aNew Delhi _bTMH, _c2008 |
||
| 300 | _a802 | ||
| 942 | _cBK | ||
| 999 |
_c49 _d49 |
||